000 00767nam a2200205 a 4500
008 060316s1977 ||||||||||||||||| || u
020 _a0070278903
050 _aNA 2542.4 Hei
100 _aHeimsath, Clovis
245 1 0 _aBehavioral architecture : toward an accountable design process
_cClovis Heimsath
260 _aNew York :
_bMcGraw-Hill
_c1977
300 _ax, 203 p. : ill.
350 _a0.00
500 _aIncludes bibliography
650 _aTEXTBOOKS
650 _aARCHITECTUAL DESIGN
650 _aARCHITECTURAL DESIGN--EVALUATION
650 _aARCHITECTURE--HUMAN FACTORS
995 _D0.00
_FCBU-MAIN LIBRARY (Kitwe)
_H1
_I0.00
_M1
_UAVAILABLE
_WJun 25, 2007
_ZMain Library Open Access Collection
999 _c35700
_d35700